[Event "GER-chT Lands U20"]
[Site "Hannover"]
[Date "2015.10.06"]
[Round "6.5"]
[White "Wagner, Swenja"]
[Black "Lohrmann, Tabea"]
[Result "0-1"]
[WhiteElo "1637"]
[BlackElo "1623"]
[PlyCount "80"]
[EventDate "2015.10.03"]
[EventType "team-swiss"]
[EventRounds "7"]
[EventCountry "GER"]
[SourceTitle "CBM 168 Extra"]
[Source "ChessBase"]
[SourceDate "2015.10.29"]
[SourceVersion "1"]
[SourceVersionDate "2015.10.29"]
[SourceQuality "1"]
[WhiteTeam "Mecklenburg Vorpommern (U20)"]
[BlackTeam "Baden (U20) II"]
[WhiteTeamCountry "GER"]
[BlackTeamCountry "GER"]

1. e4 e5 2. Nc3 Nf6 3. Bc4 Nc6 4. d3 Bb4 5. Nge2 d5 6. exd5 Nxd5 7. Bxd5 Qxd5 8. 0-0 Qd6 9. Nb5 Qe7 10. a3 Bc5 11. b4 Bb6 12. c4 a6 13. Nbc3 0-0 14. Nd5 Qd8 15. Bb2 Be6 16. Nec3 Bd4 17. Qe2 Re8 18. Rae1 Ne7 19. Ne3 Ng6 20. Qc2 Nf4 21. Ne2 Bxb2 22. Nxf4 exf4 23. Qxb2 fxe3 24. Rxe3 Bf5 25. Rg3 f6 26. d4 Qe7 27. h3 Rad8 28. Rd1 Qe2 29. Qc1 Bc2 30. Rd2 Qe1+ 31. Qxe1 Rxe1+ 32. Kh2 Bg6 33. Rc3 b6 34. d5 Re5 35. a4 Be8 36. a5 b5 37. cxb5 Bxb5 38. Rc5 c6 39. dxc6 Rxd2 40. c7 Rxc5 0-1

[Event "GER-chT Lands U20"]
[Site "Hannover"]
[Date "2015.10.03"]
[Round "1.6"]
[White "Hund, Sarah"]
[Black "Lohrmann, Tabea"]
[Result "1-0"]
[WhiteElo "1947"]
[BlackElo "1623"]
[PlyCount "99"]
[EventDate "2015.10.03"]
[EventType "team-swiss"]
[EventRounds "7"]
[EventCountry "GER"]
[SourceTitle "CBM 168 Extra"]
[Source "ChessBase"]
[SourceDate "2015.10.29"]
[SourceVersion "1"]
[SourceVersionDate "2015.10.29"]
[SourceQuality "1"]
[WhiteTeam "Baden (U20)"]
[BlackTeam "Baden (U20) II"]
[WhiteTeamCountry "GER"]
[BlackTeamCountry "GER"]

1. e4 e5 2. Nf3 Nc6 3. Bc4 Bc5 4. c3 Nf6 5. d3 a6 6. Bb3 d6 7. Nbd2 0-0 8. h3 h6 9. Nf1 Be6 10. Ng3 Bxb3 11. axb3 d5 12. Qe2 Re8 13. 0-0 Qd7 14. exd5 Nxd5 15. Ne4 Ba7 16. Nh4 Rad8 17. Qh5 Nf4 18. Bxf4 exf4 19. Nf6+ gxf6 20. Nf5 Ne5 21. Nxh6+ Kg7 22. Nf5+ Kg8 23. Ra5 Qe6 24. d4 Bb6 25. dxe5 fxe5 26. Qg5+ Qg6 27. Ne7+ Rxe7 28. Qxe7 Rd2 29. Rxe5 f6 30. Qe6+ Kg7 31. Rf5 Rxb2 32. Rxf4 Qf7 33. Rg4+ Kf8 34. Qc8+ Ke7 35. Re4+ Kd6 36. Qd8+ Kc6 37. Rc4+ Kb5 38. Rb4+ Kc6 39. Rc4+ Kb5 40. Rb4+ Kc6 41. Rf4 Qxb3 42. Qxf6+ Kd7 43. Qg7+ Kd6 44. Qg6+ Ke7 45. Re1+ Kd7 46. Rf7+ Qxf7 47. Qxf7+ Kd6 48. Re6+ Kc5 49. Re5+ Kc6 50. Qd5# 1-0

[Event "GER-chT Federal Cup (Women)"]
[Site "Braunfels"]
[Date "2015.06.06"]
[Round "4.7"]
[White "Lohrmann, Tabea"]
[Black "Zell, Mirjam"]
[Result "1-0"]
[WhiteElo "1461"]
[BlackElo "1336"]
[PlyCount "101"]
[EventDate "2015.06.04"]
[EventType "team-swiss"]
[EventRounds "5"]
[EventCountry "GER"]
[SourceTitle "CBM 167 Extra"]
[Source "ChessBase"]
[SourceDate "2015.09.14"]
[SourceVersion "1"]
[SourceVersionDate "2015.09.14"]
[SourceQuality "1"]
[WhiteTeam "Baden (W)"]
[BlackTeam "Wuerttemberg (W)"]
[WhiteTeamCountry "GER"]
[BlackTeamCountry "GER"]

1. e4 e5 2. Nf3 Nc6 3. d4 exd4 4. Bc4 Nf6 5. e5 Ne4 6. 0-0 Be7 7. Re1 d5 8. exd6 Nxd6 9. Bb3 Bg4 10. Nbd2 0-0 11. Ne4 Nxe4 12. Rxe4 Bh5 13. Ba4 Qd5 14. Bxc6 Qxc6 15. Rxe7 Bxf3 16. gxf3 Qd6 17. Re4 Rad8 18. Bf4 Qc6 19. Qd3 Qb6 20. b3 c5 21. Re7 Qf6 22. Re4 Rd5 23. Bg3 b6 24. Rae1 h6 25. c3 Qf5 26. cxd4 cxd4 27. Rc1 b5 28. Rc7 a6 29. Kg2 Qg6 30. Rce7 Rdd8 31. Qd2 d3 32. Rc7 Rd5 33. Kf1 Qf5 34. Kg2 Rc8 35. Rxc8+ Qxc8 36. Bf4 g5 37. Be3 Qc7 38. Rd4 Rxd4 39. Bxd4 Qc2 40. Qxc2 dxc2 41. Bb2 f5 42. Kf1 Kf7 43. Ke2 Ke6 44. Kd2 Kd5 45. Kxc2 g4 46. Kd3 h5 47. a3 a5 48. fxg4 hxg4 49. a4 bxa4 50. bxa4 f4 51. Bc3 1-0

[Event "GER-chT Federal Cup (Women)"]
[Site "Braunfels"]
[Date "2015.06.05"]
[Round "2.7"]
[White "Lohrmann, Tabea"]
[Black "Dietrich, Mareike"]
[Result "1/2-1/2"]
[WhiteElo "1461"]
[BlackElo "1640"]
[PlyCount "94"]
[EventDate "2015.06.04"]
[EventType "team-swiss"]
[EventRounds "5"]
[EventCountry "GER"]
[SourceTitle "CBM 167 Extra"]
[Source "ChessBase"]
[SourceDate "2015.09.14"]
[SourceVersion "1"]
[SourceVersionDate "2015.09.14"]
[SourceQuality "1"]
[WhiteTeam "Baden (W)"]
[BlackTeam "Thueringen (W)"]
[WhiteTeamCountry "GER"]
[BlackTeamCountry "GER"]

1. e4 c5 2. Nf3 d6 3. d4 cxd4 4. Nxd4 Nf6 5. Nc3 a6 6. f3 e6 7. Be3 Nbd7 8. Qd2 Be7 9. 0-0-0 b5 10. a3 Bb7 11. Kb1 d5 12. exd5 Nxd5 13. Nxd5 Bxd5 14. Be2 b4 15. axb4 a5 16. b5 Qc8 17. Bd3 Nc5 18. Qc3 Nxd3 19. Qxc8+ Rxc8 20. Rxd3 Bc4 21. Rd2 Bc5 22. Re1 0-0 23. Nc6 Bxe3 24. Rxe3 Rc7 25. Nxa5 Bxb5 26. Nb3 Rfc8 27. Re4 Bc4 28. Red4 Bd5 29. Nc1 Kf8 30. Ne2 Ra8 31. Nf4 Rca7 32. c3 Ba2+ 33. Kc2 e5 34. Rd8+ Rxd8 35. Rxd8+ Ke7 36. Rg8 exf4 37. Rxg7 Be6 38. Kc1 Bf5 39. Rg8 Rd7 40. b4 Rd3 41. Kb2 Rd2+ 42. Ka3 Be6 43. b5 Ra2+ 44. Kb4 Rb2+ 45. Kc5 Bd7 46. c4 Be6 47. b6 Bxc4 1/2-1/2

[Event "GER-ch U25 op-A"]
[Site "Willingen"]
[Date "2015.05.27"]
[Round "6"]
[White "Lohrmann, Tabea"]
[Black "Buhr, Patrick"]
[Result "0-1"]
[WhiteElo "1461"]
[BlackElo "1769"]
[PlyCount "96"]
[EventDate "2015.05.24"]
[EventType "swiss"]
[EventRounds "9"]
[EventCountry "GER"]
[SourceTitle "CBM 166 Extra"]
[Source "ChessBase"]
[SourceDate "2015.06.18"]
[SourceVersion "1"]
[SourceVersionDate "2015.06.18"]
[SourceQuality "1"]

1. e4 c6 2. c4 d5 3. exd5 cxd5 4. cxd5 Nf6 5. d4 Nxd5 6. Nc3 a6 7. Nf3 Nc6 8. Be2 g6 9. 0-0 Bg7 10. Be3 0-0 11. Qd2 Re8 12. a3 b5 13. Rac1 Bb7 14. Ng5 e5 15. Nxd5 exd4 16. Bxd4 Nxd4 17. Nc3 Nxe2+ 18. Qxe2 Rxe2 19. Nxe2 Qxg5 20. Ng3 Bxb2 21. Rc7 Qd5 22. f3 Bxa3 23. Rc2 Rc8 24. Rxc8+ Bxc8 25. Re1 Bc5+ 26. Kh1 Bb7 27. Ne4 Kg7 28. Nxc5 Qxc5 29. h3 b4 30. Kh2 b3 31. Rb1 Qc2 32. Rf1 b2 33. Kg3 b1Q 34. Rxb1 Qxb1 35. h4 Qe1+ 36. Kg4 Bc8+ 37. Kf4 Qxh4+ 38. g4 g5+ 39. Ke4 f5+ 40. Ke5 Qg3+ 41. Kd5 Qxf3+ 42. Ke5 fxg4 43. Kd4 g3 44. Ke5 g2 45. Kd4 g1Q+ 46. Kc4 Qc1+ 47. Kb4 Qfc3+ 48. Ka4 Bd7# 0-1

[Event "GER-ch U25 op-A"]
[Site "Willingen"]
[Date "2015.05.24"]
[Round "2"]
[White "Lohrmann, Tabea"]
[Black "Recktenwald, Cedric"]
[Result "0-1"]
[WhiteElo "1461"]
[BlackElo "1657"]
[PlyCount "68"]
[EventDate "2015.05.24"]
[EventType "swiss"]
[EventRounds "9"]
[EventCountry "GER"]
[SourceTitle "CBM 166 Extra"]
[Source "ChessBase"]
[SourceDate "2015.06.18"]
[SourceVersion "1"]
[SourceVersionDate "2015.06.18"]
[SourceQuality "1"]

1. e4 e6 2. d4 d5 3. Nf3 dxe4 4. Ng5 Nf6 5. Nc3 Bb4 6. Bc4 h6 7. Nh3 Nd5 8. Qd2 c5 9. dxc5 e3 10. Bb5+ Bd7 11. Bxd7+ Nxd7 12. fxe3 Nxc5 13. Nf2 Qa5 14. Nfd1 Rd8 15. 0-0 Nxc3 16. Qf2 Rxd1 17. Qxf7+ Kd8 18. Rxd1+ Nxd1 19. Qxg7 Re8 20. Qd4+ Nd7 21. Qxd1 Qd5 22. Qg4 Rf8 23. h3 Bd6 24. c3 Qe5 25. g3 Qxg3+ 26. Qxg3 Bxg3 27. Kg2 Bh4 28. e4 Rf2+ 29. Kg1 Ne5 30. Bf4 Rxf4 31. Rd1+ Ke7 32. Kg2 Rf2+ 33. Kg1 Nf3+ 34. Kh1 Rh2# 0-1